000 00769nam a2200229Ia 4500
001 8842
003 GE_BSU
008 181216s||||||||xx |||||||||||||| ||und||
040 _cGE_BSU
080 _a821.353.1–1
100 _aკალაძე,კარლო
245 _aმხოლოდ ახალი, მხოლოდ რჩეული
245 _bლექსები
245 _cრედ.მ.სანადირაძე;მხატვ.ოთ. ჯიშკარიანი
260 _aთბილისი
260 _bმერანი
260 _c1987
300 _a253გვ.20სმ.
653 _aლექსები
653 _aმხოლოდ ახალი, მხოლოდ რჩეული
942 _cBK
999 _c42149
_d42149